00941nam a2200265 a 4500999001500000001000600015003000900021005001700030008004100047020001500088040003300103082002500136245007200161250001200233260003900245300002400284504004100308520003400349650004400383650003600427700002700463700003500490942001200525952013800537 c1191d119113048BD-DhUAP20200203155555.0200203s1998 bg b 000 0 eng d a9847120005 aDLCcDLCdDLCdBD-DhUAPbEng00a346.54920134 GEN22300aGender in law /cedited by Tahmina Ahmad and Md. Maimul Ahsan Khan. a1st ed. aDhaka :bAdtam Pub. House,cc1998. a157 pages ;c23 cm. aIncludes bibliographical references. aWith reference to Bangladesh. 0aWomen (Islamic law)zBangladesh.925416 0aSex and lawzBangladesh.9254171 aAhmad, Tahmina.9254181 aKhan, Md. Maimul Ahsan.925419 2ddccBK 00102ddc4070aUAPCLbUAPCLcGeneral Stacksd2020-02-03l1o346.54920134 GENp3010013048r2022-05-31s2022-05-26t1w2020-02-03yBK